[Event "Northumbria Masters IM"]
[Site "Newcastle"]
[Date "2021.08.28"]
[Round "4.2"]
[White "Large, Peter G"]
[Black "Claridge-Hansen, William"]
[Result "1-0"]
[WhiteElo "2335"]
[BlackElo "2290"]
[PlyCount "123"]
[EventDate "2021.08.26"]
[EventType "tourn"]
[EventRounds "9"]
[EventCountry "ENG"]
[EventCategory "2"]
[SourceTitle "The Week in Chess 1399"]
[Source "Mark Crowther"]
[SourceDate "2021.08.30"]
[SourceVersion "1"]
[SourceVersionDate "2021.08.30"]
[SourceQuality "2"]

1. e4 c5 2. Nc3 Nc6 3. Bb5 Nd4 4. Nf3 a6 5. Bd3 e6 6. O-O Nc6 7. Be2 g5 8. d3
g4 9. Nd2 h5 10. Nc4 d5 11. exd5 exd5 12. Nxd5 Qxd5 13. Nb6 Qd8 14. Nxa8 Be6
15. Bf4 Qxa8 16. f3 Qc8 17. Qd2 Bg7 18. c3 Qd7 19. Rae1 Nge7 20. Bd1 b5 21. Qf2
c4 22. dxc4 Bxc4 23. Be2 Bxe2 24. Rxe2 O-O 25. Rd2 Qe6 26. Re1 Qxa2 27. Bd6 Ng6
28. Bxf8 Bxf8 29. fxg4 hxg4 30. Qf5 b4 31. Qd5 Qxd5 32. Rxd5 g3 33. hxg3 bxc3
34. bxc3 a5 35. Re4 Kg7 36. Kf1 Be7 37. Ke2 Bf6 38. Kd3 Nge5+ 39. Kc2 Kg6 40.
Rd6 Kg5 41. Kb3 Be7 42. Rd5 Kf5 43. Re1 f6 44. Rb5 Kg4 45. Rb7 Kxg3 46. Rxe5
fxe5 47. Rc7 Bh4 48. Rxc6 Kxg2 49. Re6 Bg3 50. Kc4 Kf3 51. Kd5 a4 52. c4 a3 53.
Ra6 e4 54. Rxa3+ e3 55. Kd4 Bf4 56. c5 Kf2 57. Kd3 Kf3 58. Ra2 Kg4 59. c6 Kf5
60. Ra4 Be5 61. Ra5 Ke6 62. Rxe5+ 1-0

[Event "Northumbria Masters IM"]
[Site "Newcastle"]
[Date "2021.08.28"]
[Round "4.3"]
[White "Gourlay, Iain"]
[Black "Urh, Zala"]
[Result "1-0"]
[WhiteElo "2342"]
[BlackElo "2216"]
[PlyCount "83"]
[EventDate "2021.08.26"]
[EventType "tourn"]
[EventRounds "9"]
[EventCountry "ENG"]
[EventCategory "2"]
[SourceTitle "The Week in Chess 1399"]
[Source "Mark Crowther"]
[SourceDate "2021.08.30"]
[SourceVersion "1"]
[SourceVersionDate "2021.08.30"]
[SourceQuality "2"]

1. c4 Nf6 2. Nf3 e6 3. Nc3 d5 4. e3 c5 5. cxd5 exd5 6. d4 cxd4 7. Nxd4 Nc6 8.
Bb5 Bd7 9. Nf3 Bd6 10. Nxd5 Qa5+ 11. Nc3 Bb4 12. O-O Bxc3 13. Bxc6 Bxc6 14.
bxc3 Qxc3 15. Bd2 Qa3 16. Nd4 Be4 17. Nb5 Qc5 18. Qa4 O-O 19. Nd4 Rfd8 20. Rac1
Qg5 21. f3 Bd3 22. Rfd1 b5 23. Qa5 a6 24. e4 Qh5 25. Nc6 Re8 26. Bc3 Be2 27.
Rd2 Qc5+ 28. Nd4 Bc4 29. Bb4 Qg5 30. Nf5 h6 31. h4 Qh5 32. Nd6 Re5 33. Bc3 Re6
34. Bxf6 Qc5+ 35. Bd4 Qxd6 36. Bxg7 Qg3 37. Bb2 Rg6 38. Qd8+ Kh7 39. Qxa8 Rg8
40. Qa7 Qxf3 41. Qd4 Be2 42. Qh8+ 1-0

[Event "Northumbria Masters IM"]
[Site "Newcastle"]
[Date "2021.08.28"]
[Round "4.4"]
[White "Grieve, Harry"]
[Black "Muir, Andrew Joseph"]
[Result "1-0"]
[WhiteElo "2282"]
[BlackElo "2259"]
[PlyCount "93"]
[EventDate "2021.08.26"]
[EventType "tourn"]
[EventRounds "9"]
[EventCountry "ENG"]
[EventCategory "2"]
[SourceTitle "The Week in Chess 1399"]
[Source "Mark Crowther"]
[SourceDate "2021.08.30"]
[SourceVersion "1"]
[SourceVersionDate "2021.08.30"]
[SourceQuality "2"]

1. e4 c5 2. Nc3 Nc6 3. Bb5 Nd4 4. Nf3 e6 5. O-O a6 6. Bd3 Nc6 7. Nd5 d6 8. Ne3
Nf6 9. c3 Be7 10. Bc2 O-O 11. Re1 g6 12. d4 cxd4 13. cxd4 e5 14. d5 Nb4 15. Bb1
a5 16. a3 Na6 17. b4 axb4 18. axb4 Bd7 19. Bd2 Bb5 20. Qb3 Rc8 21. Bd3 Bxd3 22.
Qxd3 Qd7 23. Nc4 Bd8 24. Rec1 Bc7 25. Rc2 Kg7 26. Rac1 h6 27. Ne1 Rfd8 28. f4
exf4 29. Bc3 Qe7 30. Qd4 b5 31. Rf2 g5 32. Ne3 Kg6 33. Nf5 Qe5 34. Qd3 Qxe4 35.
Ne7+ Kh7 36. Bxf6 Qxd3 37. Nxd3 Ra8 38. Rc6 Rdb8 39. Ra2 Bb6+ 40. Kf1 Nc7 41.
Rxa8 Nxa8 42. Rxd6 Be3 43. Ne5 Nb6 44. Ke2 Ra8 45. Kf3 Ra2 46. Rd8 Rf2+ 47. Ke4
1-0

[Event "Northumbria Masters IM"]
[Site "Newcastle"]
[Date "2021.08.28"]
[Round "4.5"]
[White "Willow, Jonah B"]
[Black "Han, Yichen"]
[Result "1-0"]
[WhiteElo "2396"]
[BlackElo "2307"]
[PlyCount "105"]
[EventDate "2021.08.26"]
[EventType "tourn"]
[EventRounds "9"]
[EventCountry "ENG"]
[EventCategory "2"]
[SourceTitle "The Week in Chess 1399"]
[Source "Mark Crowther"]
[SourceDate "2021.08.30"]
[SourceVersion "1"]
[SourceVersionDate "2021.08.30"]
[SourceQuality "2"]

1. e4 e5 2. Nf3 Nc6 3. Bb5 Nf6 4. O-O Nxe4 5. Re1 Nd6 6. Nxe5 Be7 7. Bf1 Nxe5
8. Rxe5 O-O 9. d4 Bf6 10. Re1 Re8 11. Bf4 Rxe1 12. Qxe1 b6 13. Bxd6 cxd6 14.
Qe4 Rb8 15. Bc4 Bb7 16. Bd5 Bxd5 17. Qxd5 Qe7 18. Nc3 Re8 19. g3 Qe6 20. Rd1
Qxd5 21. Nxd5 Re4 22. Nxf6+ gxf6 23. Kf1 d5 24. Rd3 Kf8 25. f3 Re6 26. Ra3 Rc6
27. c3 a5 28. Ke2 f5 29. Ke3 Ke7 30. Kf4 Kf6 31. h4 h6 32. Rb3 Ke6 33. Rb5 Rd6
34. a3 Rc6 35. a4 Rd6 36. b3 Rc6 37. c4 Rd6 38. c5 bxc5 39. dxc5 Rc6 40. Ke3 d6
41. cxd6 Rc3+ 42. Kd4 Rxf3 43. Rxd5 Kd7 44. Kc4 Rxg3 45. Rxa5 Kxd6 46. Rxf5 Ke6
47. Rf1 f5 48. a5 Rg8 49. a6 Rf8 50. a7 Ra8 51. Ra1 Kd6 52. Kb5 Kc7 53. Ka6 1-0

[Event "Northumbria Masters IM"]
[Site "Newcastle"]
[Date "2021.08.28"]
[Round "5.1"]
[White "Han, Yichen"]
[Black "Moreby, James E"]
[Result "0-1"]
[WhiteElo "2307"]
[BlackElo "2283"]
[PlyCount "90"]
[EventDate "2021.08.26"]
[EventType "tourn"]
[EventRounds "9"]
[EventCountry "ENG"]
[EventCategory "2"]
[SourceTitle "The Week in Chess 1399"]
[Source "Mark Crowther"]
[SourceDate "2021.08.30"]
[SourceVersion "1"]
[SourceVersionDate "2021.08.30"]
[SourceQuality "2"]

1. e4 e6 2. d4 d5 3. Nc3 Nf6 4. Bg5 Bb4 5. e5 h6 6. Bc1 Ne4 7. Qg4 g6 8. a3
Bxc3+ 9. bxc3 Nxc3 10. Bd3 Bd7 11. Bd2 Ne4 12. Bxe4 dxe4 13. Ne2 Bc6 14. c4 Nd7
15. O-O Nxe5 16. dxe5 Qxd2 17. Rfd1 h5 18. Rxd2 hxg4 19. Rad1 Rh5 20. Nd4 Rd8
21. Nxc6 Rxd2 22. Rxd2 bxc6 23. Rb2 Rxe5 24. Rb7 Rc5 25. Rxc7 Rxc4 26. Kf1 a5
27. Ke2 Kf8 28. Ke3 e5 29. Ra7 a4 30. Ra5 c5 31. Ra7 Kg7 32. g3 Kf6 33. Ke2 Ke6
34. Ra6+ Kf5 35. Ra5 Kg5 36. Ra6 f5 37. Re6 Rc2+ 38. Kf1 Rc3 39. Rxe5 Kf6 40.
Rd5 Ke6 41. Rd8 Rxa3 42. Ke2 Rd3 43. Ra8 a3 44. Ra6+ Ke5 45. Rxg6 Rd6 0-1

[Event "Northumbria Masters IM"]
[Site "Newcastle"]
[Date "2021.08.28"]
[Round "5.2"]
[White "Muir, Andrew Joseph"]
[Black "Willow, Jonah B"]
[Result "1/2-1/2"]
[WhiteElo "2259"]
[BlackElo "2396"]
[PlyCount "127"]
[EventDate "2021.08.26"]
[EventType "tourn"]
[EventRounds "9"]
[EventCountry "ENG"]
[EventCategory "2"]
[SourceTitle "The Week in Chess 1399"]
[Source "Mark Crowther"]
[SourceDate "2021.08.30"]
[SourceVersion "1"]
[SourceVersionDate "2021.08.30"]
[SourceQuality "2"]

1. d4 d5 2. c4 dxc4 3. e4 Nc6 4. d5 Ne5 5. Bxc4 Nxc4 6. Qa4+ c6 7. Qxc4 cxd5 8.
exd5 Nf6 9. Nc3 a6 10. Bg5 h6 11. Bxf6 exf6 12. Nf3 Bd6 13. O-O O-O 14. Rfe1 b5
15. Qd3 Bb7 16. a3 Qd7 17. Rad1 Rac8 18. g3 Rfd8 19. Nd4 Be5 20. Nf5 g6 21. Ne3
Kg7 22. Re2 Bxc3 23. bxc3 Qd6 24. a4 Rc5 25. axb5 axb5 26. Rb2 Ba6 27. Ra1 Rdc8
28. Rb3 h5 29. Ra5 Qb6 30. Raa3 Qd6 31. Ra5 R8c7 32. Rba3 Bb7 33. Rb3 Re7 34.
Rb1 Rd7 35. Qd4 Bxd5 36. Rbxb5 Rxb5 37. Rxb5 Bf3 38. Qxd6 Rxd6 39. Rb1 f5 40.
c4 h4 41. c5 Rc6 42. Rc1 Kf6 43. Kf1 Ke5 44. Rc4 hxg3 45. hxg3 g5 46. Ke1 Rc8
47. Kd2 Be4 48. Kc3 f4 49. Ng4+ Kf5 50. Nh6+ Kg6 51. Rxe4 Kxh6 52. Kd4 fxg3 53.
fxg3 f5 54. Re6+ Kh5 55. Kd5 Kg4 56. Re3 f4 57. gxf4 gxf4 58. Re1 f3 59. c6 f2
60. Rf1 Kf3 61. Kd6 Ke2 62. Rxf2+ Kxf2 63. c7 Rxc7 64. Kxc7 1/2-1/2

[Event "Northumbria Masters IM"]
[Site "Newcastle"]
[Date "2021.08.28"]
[Round "5.3"]
[White "Urh, Zala"]
[Black "Grieve, Harry"]
[Result "1-0"]
[WhiteElo "2216"]
[BlackElo "2282"]
[PlyCount "107"]
[EventDate "2021.08.26"]
[EventType "tourn"]
[EventRounds "9"]
[EventCountry "ENG"]
[EventCategory "2"]
[SourceTitle "The Week in Chess 1399"]
[Source "Mark Crowther"]
[SourceDate "2021.08.30"]
[SourceVersion "1"]
[SourceVersionDate "2021.08.30"]
[SourceQuality "2"]

1. d4 f5 2. Nc3 Nf6 3. Bg5 d5 4. e3 e6 5. Nf3 a6 6. Bd3 c5 7. O-O c4 8. Be2 Be7
9. Ne5 O-O 10. a4 Nfd7 11. Bxe7 Qxe7 12. Nxd7 Bxd7 13. f3 Nc6 14. Qd2 b5 15.
axb5 axb5 16. Rxa8 Rxa8 17. e4 Qf6 18. Rd1 b4 19. Nb1 Ra2 20. c3 Qh6 21. f4
fxe4 22. cxb4 Ra8 23. b5 Na5 24. Nc3 Nb3 25. Qe3 Rb8 26. Qg3 Qg6 27. Bg4 Rb7
28. Qh3 Qf7 29. Qh4 Qf6 30. Qh5 Qf7 31. Qe5 g6 32. Qd6 Kg7 33. g3 h5 34. Bh3
Qf6 35. Nxd5 exd5 36. Qxd5 Bxh3 37. Qxb7+ Kh6 38. Qxe4 Bg4 39. Re1 Nd2 40. Qe7
Qxd4+ 41. Re3 Nf3+ 42. Kf2 h4 43. h3 Qxb2+ 44. Re2 Qd4+ 45. Qe3 Qa1 46. f5+ Kg7
47. Qe7+ Kh6 48. Qf8+ Kg5 49. gxh4+ Nxh4 50. Qe7+ Kh6 51. Qxh4+ Bh5 52. Qf4+
Kg7 53. Qe5+ Qxe5 54. Rxe5 1-0

[Event "Northumbria Masters IM"]
[Site "Newcastle"]
[Date "2021.08.28"]
[Round "5.4"]
[White "Claridge-Hansen, William"]
[Black "Gourlay, Iain"]
[Result "1-0"]
[WhiteElo "2290"]
[BlackElo "2342"]
[PlyCount "85"]
[EventDate "2021.08.26"]
[EventType "tourn"]
[EventRounds "9"]
[EventCountry "ENG"]
[EventCategory "2"]
[SourceTitle "The Week in Chess 1399"]
[Source "Mark Crowther"]
[SourceDate "2021.08.30"]
[SourceVersion "1"]
[SourceVersionDate "2021.08.30"]
[SourceQuality "2"]

1. c4 c6 2. Nf3 d5 3. e3 Nf6 4. Nc3 a6 5. Qc2 g6 6. d4 Bg7 7. Bd3 O-O 8. O-O
Bg4 9. Ne5 Be6 10. Bd2 c5 11. cxd5 Nxd5 12. Ne4 cxd4 13. exd4 Nd7 14. Ng5 Nxe5
15. dxe5 Rc8 16. Qd1 Qb6 17. Nxe6 Qxe6 18. Qb3 Rfd8 19. Rad1 Qxe5 20. Qxb7 Rb8
21. Qxa6 Qxb2 22. Bc1 Qc3 23. Bc4 Nb4 24. Rxd8+ Rxd8 25. Qb5 Rc8 26. Bb3 Bd4
27. Bf4 Nd3 28. Bg3 Nc5 29. Bd5 e6 30. Bf3 Qa3 31. Qe2 Na4 32. Qa6 Rc1 33. Bd1
Rxd1 34. Rxd1 Qxa2 35. Qa8+ Kg7 36. Qe4 Bf6 37. Be5 Qb3 38. Bxf6+ Kxf6 39. Rb1
Qa3 40. Qf4+ Kg7 41. Qd4+ Kh6 42. Ra1 Nc3 43. Qh4+ 1-0

[Event "Northumbria Masters IM"]
[Site "Newcastle"]
[Date "2021.08.28"]
[Round "5.5"]
[White "McKay, Roderick M"]
[Black "Large, Peter G"]
[Result "0-1"]
[WhiteElo "2258"]
[BlackElo "2335"]
[PlyCount "70"]
[EventDate "2021.08.26"]
[EventType "tourn"]
[EventRounds "9"]
[EventCountry "ENG"]
[EventCategory "2"]
[SourceTitle "The Week in Chess 1399"]
[Source "Mark Crowther"]
[SourceDate "2021.08.30"]
[SourceVersion "1"]
[SourceVersionDate "2021.08.30"]
[SourceQuality "2"]

1. d4 e6 2. Nf3 Nf6 3. a3 b6 4. Bg5 Bb7 5. Nc3 d5 6. e3 Be7 7. Ne2 Nbd7 8. Ng3
Ne4 9. Bxe7 Qxe7 10. Bd3 c5 11. c3 h6 12. Qc2 Nxg3 13. hxg3 e5 14. Bf5 exd4 15.
cxd4 O-O 16. O-O Nf6 17. Rac1 Bc8 18. dxc5 bxc5 19. Rfd1 Bxf5 20. Qxf5 Rab8 21.
Rc2 Rb6 22. Rdc1 c4 23. Nd4 Qb7 24. Rb1 Ne4 25. f3 Rf6 26. Qe5 Nc5 27. Nf5 Rd8
28. g4 Nd3 29. Qc3 Qb6 30. b4 h5 31. Rf1 Re8 32. Kh1 hxg4 33. fxg4 Rxe3 34. Qd2
Re4 35. Qg5 Rg6 0-1

[Event "Northumbria Masters IM"]
[Site "Newcastle"]
[Date "2021.08.29"]
[Round "6.1"]
[White "Moreby, James E"]
[Black "Large, Peter G"]
[Result "1/2-1/2"]
[WhiteElo "2283"]
[BlackElo "2335"]
[PlyCount "72"]
[EventDate "2021.08.26"]
[EventType "tourn"]
[EventRounds "9"]
[EventCountry "ENG"]
[EventCategory "2"]
[SourceTitle "The Week in Chess 1399"]
[Source "Mark Crowther"]
[SourceDate "2021.08.30"]
[SourceVersion "1"]
[SourceVersionDate "2021.08.30"]
[SourceQuality "2"]

1. c4 e6 2. Nc3 Nf6 3. e4 d5 4. e5 Ne4 5. Nf3 Nc6 6. d4 Be7 7. Bd3 Nxc3 8. bxc3
dxc4 9. Bxc4 Na5 10. Bd3 c5 11. h4 cxd4 12. cxd4 b6 13. Bd2 Bb7 14. Rb1 Nc6 15.
Bc3 Rc8 16. Rb3 Rc7 17. Qb1 h6 18. Rh3 Qc8 19. Kd2 Na5 20. Bxa5 bxa5 21. Rg3
O-O 22. Be4 Bb4+ 23. Ke3 Rc3+ 24. Rxc3 Qxc3+ 25. Kf4 Bc8 26. Qb3 f5 27. Bc2 Rd8
28. Qxc3 Bxc3 29. Ke3 Bb7 30. Bb3 Kf7 31. Kd3 Bb2 32. Kc2 Ba1 33. Bc4 a4 34. h5
Rc8 35. Nd2 Bxd4 36. f4 Bb6 1/2-1/2

[Event "Northumbria Masters IM"]
[Site "Newcastle"]
[Date "2021.08.29"]
[Round "6.2"]
[White "Gourlay, Iain"]
[Black "McKay, Roderick M"]
[Result "1/2-1/2"]
[WhiteElo "2342"]
[BlackElo "2258"]
[PlyCount "115"]
[EventDate "2021.08.26"]
[EventType "tourn"]
[EventRounds "9"]
[EventCountry "ENG"]
[EventCategory "2"]
[SourceTitle "The Week in Chess 1399"]
[Source "Mark Crowther"]
[SourceDate "2021.08.30"]
[SourceVersion "1"]
[SourceVersionDate "2021.08.30"]
[SourceQuality "2"]

1. c4 f5 2. Nf3 Nf6 3. g3 d6 4. Nc3 c6 5. d4 Qc7 6. d5 Na6 7. Bg2 e5 8. dxe6
Bxe6 9. b3 Rd8 10. O-O Be7 11. Nd4 Bc8 12. Qc2 g6 13. e4 fxe4 14. Nxe4 Nxe4 15.
Qxe4 O-O 16. Ne6 Bxe6 17. Qxe6+ Rf7 18. Bf4 Bf8 19. Rad1 Qa5 20. Rd2 Nc7 21.
Qg4 Re8 22. Rfd1 Re6 23. Bh3 Re8 24. Qg5 Qxg5 25. Bxg5 d5 26. Bf4 dxc4 27. Bd7
Ree7 28. bxc4 Ne8 29. Bg5 Re5 30. Bf4 Ree7 31. Bc8 Nf6 32. Rd8 Kg7 33. Bd6 Re4
34. c5 Be7 35. Bxe7 Rfxe7 36. Kg2 Rb4 37. R1d3 Rb5 38. Rb3 a6 39. Rdd3 Ne4 40.
Re3 Kf8 41. Rxb5 cxb5 42. Bxb7 Nxc5 43. Rf3+ Rf7 44. Bd5 Rxf3 45. Kxf3 Ke7 46.
Ke3 Kd6 47. Kd4 a5 48. f4 Nd7 49. Bf3 h6 50. Be4 g5 51. fxg5 hxg5 52. h4 gxh4
53. gxh4 b4 54. Kc4 Nc5 55. Bf5 Na4 56. h5 Ke7 57. h6 Kf7 58. h7 1/2-1/2

[Event "Northumbria Masters IM"]
[Site "Newcastle"]
[Date "2021.08.29"]
[Round "6.3"]
[White "Grieve, Harry"]
[Black "Claridge-Hansen, William"]
[Result "1/2-1/2"]
[WhiteElo "2282"]
[BlackElo "2290"]
[PlyCount "102"]
[EventDate "2021.08.26"]
[EventType "tourn"]
[EventRounds "9"]
[EventCountry "ENG"]
[EventCategory "2"]
[SourceTitle "The Week in Chess 1399"]
[Source "Mark Crowther"]
[SourceDate "2021.08.30"]
[SourceVersion "1"]
[SourceVersionDate "2021.08.30"]
[SourceQuality "2"]

1. e4 c5 2. Nc3 Nc6 3. Bb5 Nd4 4. Nf3 a6 5. Bd3 e6 6. O-O Nc6 7. Nd5 Nge7 8.
Re1 d6 9. Ne3 g6 10. c3 Bg7 11. Bc2 d5 12. d4 cxd4 13. cxd4 dxe4 14. Bxe4 O-O
15. Nc4 b5 16. Nce5 Bb7 17. Bg5 f6 18. Nxc6 Bxc6 19. Bd2 Re8 20. Qb3 Bd5 21.
Bxd5 Nxd5 22. Rac1 Qd7 23. Rc2 Rac8 24. Rec1 Bf8 25. h3 Nb6 26. Qd3 Rxc2 27.
Rxc2 Rc8 28. b3 Rxc2 29. Qxc2 Qb7 30. Ne1 Qc8 31. Qxc8 Nxc8 32. Nd3 Na7 33. Kf1
Kf7 34. Ke2 Nc6 35. Bc3 Bd6 36. g3 Bc7 37. Nc5 Nb8 38. Kd3 Bd6 39. Ne4 Be7 40.
a4 f5 41. Nd2 Nc6 42. Nf1 Bg5 43. f4 Bf6 44. Ne3 Ne7 45. axb5 axb5 46. d5 exd5
47. Bxf6 Kxf6 48. Kd4 Ke6 49. Kc5 d4 50. Kxd4 Kd6 51. b4 Nc6+ 1/2-1/2

[Event "Northumbria Masters IM"]
[Site "Newcastle"]
[Date "2021.08.29"]
[Round "6.4"]
[White "Willow, Jonah B"]
[Black "Urh, Zala"]
[Result "0-1"]
[WhiteElo "2396"]
[BlackElo "2216"]
[PlyCount "104"]
[EventDate "2021.08.26"]
[EventType "tourn"]
[EventRounds "9"]
[EventCountry "ENG"]
[EventCategory "2"]
[SourceTitle "The Week in Chess 1399"]
[Source "Mark Crowther"]
[SourceDate "2021.08.30"]
[SourceVersion "1"]
[SourceVersionDate "2021.08.30"]
[SourceQuality "2"]

1. e4 c5 2. Nf3 Nc6 3. d4 cxd4 4. Nxd4 Nf6 5. Nc3 e5 6. Ndb5 d6 7. Bg5 a6 8.
Na3 b5 9. Nd5 Be7 10. Bxf6 Bxf6 11. c3 Ne7 12. Nxe7 Bxe7 13. Nc2 Bb7 14. Qg4 g6
15. Bd3 O-O 16. Rd1 Qc8 17. h3 d5 18. exd5 f5 19. Qg3 e4 20. Be2 Qc5 21. d6 Bf6
22. Qe3 Qe5 23. f4 exf3 24. Qxe5 Bxe5 25. Bxf3 Bxf3 26. gxf3 Rad8 27. d7 Rf7
28. Nb4 Bg3+ 29. Ke2 Re7+ 30. Kf1 Rexd7 31. Rxd7 Rxd7 32. Ke2 Re7+ 33. Kd3 Re6
34. Rd1 Kg7 35. Kc2 h5 36. a4 bxa4 37. c4 Kh6 38. c5 Kg5 39. Kd3 a5 40. Nc2 Kh4
41. Nd4 Re8 42. c6 Kxh3 43. Rc1 Rb8 44. Rc2 Be5 45. Ne6 Kg3 46. c7 Rc8 47. Ke3
h4 48. f4 Bxc7 49. Nxc7 h3 50. Rc6 Rg8 51. Nd5 h2 52. Rc1 Rh8 0-1

[Event "Northumbria Masters IM"]
[Site "Newcastle"]
[Date "2021.08.29"]
[Round "6.5"]
[White "Han, Yichen"]
[Black "Muir, Andrew Joseph"]
[Result "1-0"]
[WhiteElo "2307"]
[BlackElo "2259"]
[PlyCount "45"]
[EventDate "2021.08.26"]
[EventType "tourn"]
[EventRounds "9"]
[EventCountry "ENG"]
[EventCategory "2"]
[SourceTitle "The Week in Chess 1399"]
[Source "Mark Crowther"]
[SourceDate "2021.08.30"]
[SourceVersion "1"]
[SourceVersionDate "2021.08.30"]
[SourceQuality "2"]

1. d4 d5 2. c4 e6 3. Nc3 c6 4. e4 dxe4 5. Nxe4 Bb4+ 6. Bd2 Qxd4 7. Bxb4 Qxe4+
8. Be2 Na6 9. Ba5 b6 10. Qd6 Bd7 11. Bc3 f6 12. Nf3 O-O-O 13. Nd2 Qf5 14. Qa3
Kb7 15. b4 Nh6 16. O-O e5 17. Bf3 Qe6 18. Ne4 Nf7 19. b5 Nb8 20. Rab1 Ka8 21.
c5 bxc5 22. b6 a6 23. b7+ 1-0

[Event "Northumbria Masters IM"]
[Site "Newcastle"]
[Date "2021.08.29"]
[Round "7.1"]
[White "Muir, Andrew Joseph"]
[Black "Moreby, James E"]
[Result "0-1"]
[WhiteElo "2259"]
[BlackElo "2283"]
[PlyCount "70"]
[EventDate "2021.08.26"]
[EventType "tourn"]
[EventRounds "9"]
[EventCountry "ENG"]
[EventCategory "2"]
[SourceTitle "The Week in Chess 1399"]
[Source "Mark Crowther"]
[SourceDate "2021.08.30"]
[SourceVersion "1"]
[SourceVersionDate "2021.08.30"]
[SourceQuality "2"]

1. d4 Nf6 2. c4 e6 3. Nc3 Bb4 4. e3 b6 5. Bd3 Bb7 6. Nf3 Ne4 7. O-O Bxc3 8.
bxc3 O-O 9. Ne1 f5 10. f3 Nf6 11. Nc2 d6 12. d5 exd5 13. Nd4 dxc4 14. Bxf5 Re8
15. Be6+ Kh8 16. Bxc4 d5 17. Bd3 c5 18. Nf5 Nc6 19. c4 Bc8 20. Ng3 Be6 21. cxd5
Qxd5 22. Bb2 c4 23. Be4 Nxe4 24. Nxe4 Rad8 25. Qe1 Bf5 26. Qg3 Bg6 27. Rad1
Qxd1 28. Rxd1 Rxd1+ 29. Kf2 Rd7 30. Nd6 Red8 31. Ba3 b5 32. Bc5 c3 33. Ke2 c2
34. Kd2 Na5 35. Kc1 Nb7 0-1

[Event "Northumbria Masters IM"]
[Site "Newcastle"]
[Date "2021.08.29"]
[Round "7.2"]
[White "Urh, Zala"]
[Black "Han, Yichen"]
[Result "1/2-1/2"]
[WhiteElo "2216"]
[BlackElo "2307"]
[PlyCount "22"]
[EventDate "2021.08.26"]
[EventType "tourn"]
[EventRounds "9"]
[EventCountry "ENG"]
[EventCategory "2"]
[SourceTitle "The Week in Chess 1399"]
[Source "Mark Crowther"]
[SourceDate "2021.08.30"]
[SourceVersion "1"]
[SourceVersionDate "2021.08.30"]
[SourceQuality "2"]

1. d4 d5 2. c4 c6 3. cxd5 cxd5 4. Nc3 Nf6 5. Bf4 Nc6 6. e3 Bg4 7. Qb3 Na5 8.
Qa4+ Bd7 9. Qc2 e6 10. Bd3 Be7 11. h3 Rc8 1/2-1/2

[Event "Northumbria Masters IM"]
[Site "Newcastle"]
[Date "2021.08.29"]
[Round "7.3"]
[White "Claridge-Hansen, William"]
[Black "Willow, Jonah B"]
[Result "1-0"]
[WhiteElo "2290"]
[BlackElo "2396"]
[PlyCount "77"]
[EventDate "2021.08.26"]
[EventType "tourn"]
[EventRounds "9"]
[EventCountry "ENG"]
[EventCategory "2"]
[SourceTitle "The Week in Chess 1399"]
[Source "Mark Crowther"]
[SourceDate "2021.08.30"]
[SourceVersion "1"]
[SourceVersionDate "2021.08.30"]
[SourceQuality "2"]

1. c4 c5 2. g3 Nc6 3. Bg2 g6 4. Nc3 Bg7 5. Nf3 e6 6. h4 h6 7. d4 Nxd4 8. Bf4 d6
9. Nxd4 cxd4 10. Nb5 e5 11. Bd2 Ne7 12. Bb4 O-O 13. Nxd6 Qc7 14. O-O Rd8 15. c5
Nc6 16. Ba3 f5 17. h5 gxh5 18. Bd5+ Kh7 19. e4 dxe3 20. Qxh5 e2 21. Qxe2 Qe7
22. Rad1 Rf8 23. b4 a6 24. Qc4 e4 25. Kg2 Ne5 26. Qe2 Ng6 27. Bc1 Be6 28. Bxb7
Rad8 29. Rh1 Rxd6 30. Rxd6 Qxb7 31. Rxe6 Qf7 32. Rd6 Rg8 33. Kf1 Bf8 34. Qxa6
f4 35. Bxf4 Bxd6 36. Qxd6 Qc4+ 37. Kg2 Nxf4+ 38. Qxf4 Rg6 39. Rd1 1-0

[Event "Northumbria Masters IM"]
[Site "Newcastle"]
[Date "2021.08.29"]
[Round "7.4"]
[White "McKay, Roderick M"]
[Black "Grieve, Harry"]
[Result "1-0"]
[WhiteElo "2258"]
[BlackElo "2282"]
[PlyCount "73"]
[EventDate "2021.08.26"]
[EventType "tourn"]
[EventRounds "9"]
[EventCountry "ENG"]
[EventCategory "2"]
[SourceTitle "The Week in Chess 1399"]
[Source "Mark Crowther"]
[SourceDate "2021.08.30"]
[SourceVersion "1"]
[SourceVersionDate "2021.08.30"]
[SourceQuality "2"]

1. d4 d5 2. c4 e6 3. Nf3 c6 4. Nc3 dxc4 5. Bg5 Be7 6. Bxe7 Nxe7 7. e3 b5 8. a4
Nd5 9. Qc1 O-O 10. Be2 a5 11. O-O Ba6 12. Rd1 Nd7 13. e4 Nxc3 14. Qxc3 Nf6 15.
Nd2 Bb7 16. e5 Nd5 17. Qg3 Nb6 18. Ne4 Nxa4 19. Ra3 c5 20. Nf6+ Kh8 21. dxc5
Bd5 22. Qh4 h6 23. Rh3 Rg8 24. Qg5 Qf8 25. Nd7 f6 26. Qg6 Be4 27. Qxe4 f5 28.
Qe3 f4 29. Qe4 Qf5 30. Qxf5 exf5 31. b3 cxb3 32. Bxb5 Nb2 33. Ra1 a4 34. Nb6
Ra5 35. Rxb3 axb3 36. Rxa5 Rd8 37. Ra8 1-0

[Event "Northumbria Masters IM"]
[Site "Newcastle"]
[Date "2021.08.29"]
[Round "7.5"]
[White "Large, Peter G"]
[Black "Gourlay, Iain"]
[Result "1/2-1/2"]
[WhiteElo "2335"]
[BlackElo "2342"]
[PlyCount "91"]
[EventDate "2021.08.26"]
[EventType "tourn"]
[EventRounds "9"]
[EventCountry "ENG"]
[EventCategory "2"]
[SourceTitle "The Week in Chess 1399"]
[Source "Mark Crowther"]
[SourceDate "2021.08.30"]
[SourceVersion "1"]
[SourceVersionDate "2021.08.30"]
[SourceQuality "2"]

1. e4 c6 2. d4 d5 3. exd5 cxd5 4. c4 Nf6 5. Nc3 Nc6 6. Bg5 dxc4 7. Bxc4 h6 8.
Be3 e6 9. Nf3 Be7 10. O-O O-O 11. a3 Nd5 12. Bxd5 exd5 13. Qb3 Be6 14. Qxb7 Na5
15. Qa6 Rb8 16. b4 Nc4 17. Ne5 Nxe5 18. dxe5 d4 19. Rfd1 Qc7 20. Bxd4 Rfd8 21.
Qd3 a5 22. b5 Bb3 23. Rd2 Bc4 24. b6 Rxb6 25. Bxb6 Rxd3 26. Bxc7 Rxd2 27. Bxa5
Rc2 28. Nd1 Bxa3 29. Ne3 Ra2 30. Rxa2 Bxa2 31. Bc3 Bc5 32. Nf5 Be6 33. Ng3 Kh7
34. Ne4 Be7 35. f3 h5 36. Kf2 g5 37. h3 h4 38. Ke3 Kg6 39. Kd4 Bc8 40. Nd6 Ba6
41. Ke3 Bf1 42. Kf2 Bd3 43. Bd2 f6 44. Nc8 Bc5+ 45. Be3 Bf5 46. Bxc5 1/2-1/2